Phase finale de la Coupe d'Europe (Euro) 2008 - Statistiques

Statistiques générales
  • Ce quiz a été pris 111 fois
  • Le résultat moyen est 7 sur 8
Statistiques - réponses
Réponse % Correct
Allemagne
99%
Espagne
99%
Italie
97%
Portugal
94%
Pays-Bas
91%
Russie
90%
Turquie
89%
Croatie
81%
Aucun quiz correspondant
Distribution des résultats
% des personnes avec chaque résultat
Percentile par nombre de réponses
Votre historique - résultats
Vous n’avez pas pris ce quiz